000
00294nam a2200133Ia 4500
003
OSt
005
20240305143524.0
008
170523s9999 xx 000 0 und d
020
_a
978-0716722823
040
_c
IIMTU
100
_a
D. Watson James
245
0
_a
Recombinant DNA
942
_2
ddc
_c
02
999
_c
11217
_d
11217